Game of Thrones Animals - Statistics

General Stats
  • This quiz has been taken 333 times
  • The average score is 9 of 11
Answer Stats
Hint Answer % Correct
Jon Snows Direwolf Ghost
97%
Daenerys Red and Black Dragon Drogon
96%
Sansa Starks Direwolf Lady
95%
Arya Starks Direwolf Nymeria
93%
Bran Starks Direwolf Summer
92%
Rickon Starks Direwolf Shaggydog
89%
Robb Starks Direwolf Grey Wind
88%
^ Cream and Gold Dragon Viserion
88%
^ Her Green and Gold Dragon Rhaegal
80%
Tommen Baratheons Cat Ser Pounce
53%
Daenerys Horse given to her by Khal Drogo Silver
33%
No matching quizzes found
Score Distribution
Percent of People with Each Score
Percentile by Number Answered
Your Score History
You have not taken this quiz